Normal view
MARC view
- Just in Time Motivation
Entry Topical Term
001 - CONTROL NUMBER
- control field: 114056
003 - CONTROL NUMBER IDENTIFIER
- control field: NUST
005 - DATE AND TIME OF LATEST TRANSACTION
- control field: 20230808163138.0
008 - FIXED-LENGTH DATA ELEMENTS
- fixed length control field: 230808|| aca||aabn | a|a d
040 ## - CATALOGING SOURCE
- Original cataloging agency: NUST
- Transcribing agency: NUST
150 ## - HEADING--TOPICAL TERM
- Topical term or geographic name entry element: Just in Time Motivation
670 ## - SOURCE DATA FOUND
- Source citation: Work cat.: (NUST): Clegg, Brain 114055, Just in Time Motivation, 2005.
